1982 1529 1689 1790 1664 1544 1465 1242 1765 1259 1549 1342 1736 1693 1716 1357 1091 1374 1406 1892 1298 1957 1187 1762 1797 1797 1222 1852 1847 1452 1762 1261 1696 1634 1799 1170 1961 1860 1327 1100 1643 1469 1036 1823 1865 1446 1084 1480 1342 1882 1639 1239 1180 1747 1721 1630 1745 1228 1419 1664 1326 1910 1818 1191 1503 1301 1125 1742 1640 1813 1336 1724 1542 1861 1003 1243 1634 1741 1542 1612 1005 1187 1454 1437 1418 1454 1692 1835 1129 1194 1220 1462 1591 1306 1135 1178 1831 1273 1295 BCNSPRNW ULIB Ver.6.0+V

เปลี่ยนเป็นภาษาไทย

Change to English
 แสดงรายละเอียดบรรณานุกรม
  กลับหน้าหลัก

Brief Record : Get Marc (ISO 2709) : E-mail record : QR code < ปิดหน้าต่าง
LEADER : 00000nam 2200000uu 4500
001    13399120060
003     ULIB
008    120828s2552||||th 000 0 tha d
020    ^a9786165000130
090    ^aนว.^bธ521ล 2552
100 0  ^aมักเน
245 00 ^aเล่ห์แค้น แผนรัก/^cธารใส
250    ^aพิมพ์ครั้งที่ 1
260    ^aกรุงเทพฯ :^bพิมพ์คำ,^c2552
300    ^a418 หน้า
945    ^p270^l0^i16289
995    ^aกัณชพร
999    ^aใช้งานได้ทุกระบบ
รายการนี้ยังไม่มีแท็ก
คุณยังไม่ได้ล็อกอิน คุณสามารถมีกิจกรรมร่วมกับเว็บไซต์ได้ แต่ต้องล็อกอินก่อน ::
  ล็อกอิน

รายการสื่อสารสนเทศ

ลำดับที่ ประเภท เลขเรียก/บาร์โค้ด สถานที่ สถานะ
1. นวนิยาย
นวนิยาย
นว. ธ521ล 2552  
  Barcode: 16289
ห้องสมุดวิทยาเขตสวรรค์ประชารักษ์
►นวนิยาย
บนชั้น
  ขอยืม

รายการใกล้เคียง
    ผู้แต่ง [มักเน]

BibComment


ยังไม่เคยถูกคอมเมนท์

คอมเมนท์ทรัพยากรรายการนี้
  คอมเมนท์: เล่ห์แค้น แผนรัก..


 Copyright 2026. Bcnsprnw @Library